Multiple Choice City Quiz – Mumbai - Statistics

General Stats
  • This quiz has been taken 11,839 times
    11,813 since last reset
  • The average score is 6 of 10
Answer Stats
Question Answer % Correct
What is the nickname of Mumbai's film industry? Bollywood
99%
What is the former English name of Mumbai? Bombay
97%
Which of these authors was born in Mumbai? Rudyard Kipling
79%
What did Mukesh Ambani, India's richest man, build in Mumbai? A private skyscraper home costing over $1 billion
67%
Tourists to Mumbai sometimes take a tour of Dharavi, which has been called the world's largest ... Slum
58%
What type of item is a dabbawala likely to be delivering? Hot lunches
53%
On what body of water is Mumbai located? Arabian Sea
49%
Mumbai is named for ... a Hindu deity, Mumbadevi
42%
On what island is Mumbai situated? Salsette
37%
What is the official language of Mumbai? Marathi
34%
No matching quizzes found
Score Distribution
Percent of People with Each Score
Percentile by Number Answered
Your Score History
You have not taken this quiz since the last reset